Southville International School and Colleges
Your cart is empty.
  • Cart
  • Lists
    Public lists Eva Luna New books Lux_list list_1
    Your lists Log in to create your own lists
  • Log in to your account
  • Your cookies
  • Search history
Southville International School and Colleges
  • Advanced search
  • Recent comments
  • Most popular
  • Libraries

Log in to your account

Log in with GOOGLE


If you do not have an external account, but do have a local account, you can still log in:

  1. Home
  2. MARC view: Philippines /
Normal view MARC view ISBD view

Philippines / (Record no. 292254)

[ view plain ]
MARC details
000 -LEADER
fixed length control field 00753nam a2200253Ia 4500
008 - FIXED-LENGTH DATA ELEMENTS--GENERAL INFORMATION
fixed length control field 160319s9999 xx 000 0 und d
050 ## - LIBRARY OF CONGRESS CALL NUMBER
Classification number 959.9
050 ## - LIBRARY OF CONGRESS CALL NUMBER
Item number H693p 1991
100 ## - MAIN ENTRY--PERSONAL NAME
Personal name Hoefer, Hans Johannes
245 ## - TITLE STATEMENT
Title Philippines /
245 ## - TITLE STATEMENT
Statement of responsibility, etc created and designed by Hans Johannes Hoefer ; written by Sylvia Mayuga ... [et al.] ; edited by Theon Banos Cross.
250 ## - EDITION STATEMENT
Edition statement 1st ed.
260 ## - PUBLICATION, DISTRIBUTION, ETC. (IMPRINT)
Name of publisher, distributor, etc APA Publications
260 ## - PUBLICATION, DISTRIBUTION, ETC. (IMPRINT)
Date of publication, distribution, etc 1991
300 ## - PHYSICAL DESCRIPTION
Extent 330 p. :
300 ## - PHYSICAL DESCRIPTION
Other physical details col. ill. ;
300 ## - PHYSICAL DESCRIPTION
Dimensions 23 cm.
440 ## - SERIES STATEMENT/ADDED ENTRY--TITLE
Title Insight guides ; 7.
500 ## - GENERAL NOTE
General note Includes index. Bibliography: p. 302.
650 ## - SUBJECT ADDED ENTRY--TOPICAL TERM
Topical term or geographic name as entry element Philippines -- Guidebooks.
700 ## - ADDED ENTRY--PERSONAL NAME
Personal name Cross, Theon Banos
700 ## - ADDED ENTRY--PERSONAL NAME
Personal name Hoefer, Hans .
700 ## - ADDED ENTRY--PERSONAL NAME
Personal name Mayuga, Sylvia  
Holdings
Withdrawn status Lost status Damaged status Home library Current library Shelving location Date acquired Total Checkouts Full call number Barcode Date last seen Price effective from Koha item type
      Stonyhurst Southville International School (Batangas) Stonyhurst Southville International School (Batangas) Filipiniana Section 03/19/2016   Fil 959 .9 H693p 1991 LS 3106 03/19/2016 03/19/2016 Books

Philippines /

APA

Hoefer H. J., Cross T. B., Hoefer H. . & Mayuga S.Philippines. : APA Publications.

Chicago

Hoefer Hans Johannes, Cross Theon Banos, Hoefer Hans and Mayuga Sylvia.Philippines. : APA Publications.

Harvard

Hoefer H. J., Cross T. B., Hoefer H. . and Mayuga S.Philippines. : APA Publications.

MLA

Hoefer Hans Johannes, Cross Theon Banos, Hoefer Hans and Mayuga Sylvia.: APA Publications. .

  • Place hold
  • Print
  • Cite
  • Add to your cart (remove)
  • Save record
    BIBTEX Dublin Core MARCXML MARC (non-Unicode/MARC-8) MARC (Unicode/UTF-8) MARC (Unicode/UTF-8, Standard) MODS (XML) RIS
  • More searches
    Search for this title in:
    Other Libraries (WorldCat) Other Databases (Google Scholar) Online Stores (Bookfinder.com) Open Library (openlibrary.org)

Exporting to Dublin Core...

SOUTHVILLE LIBRARY

Southville International School and Colleges Library

1281 Tropical Ave. Cor. Luxembourg St., BF Homes International, Las Pinas City

Tel. No. 8256374 / 252358 Loc. 117/146

Powered by Koha